00559pab a2200181 454500008004000000100002200040245005600062260000900118300001200127362001200139650002000151650001800171773004700189908000600236909001100242999001900253952010500272180718b2013 xxu||||| |||| 00| 0 eng d aOberoi, Roopinder aInstituting good governance in Indian public sector c2013 ap.1-14. aApr-Jun aGood governance aPublic sector aIndian Journal of Training and Development aN a101780 c101778d101778 00104070aIIPAbIIPAd2018-07-19hVolume no: 43, Issue no: 2pAR102240r2018-07-19w2018-07-19yAR